[Event "5th Kolkata Open"]
[Site "Kolkata IND"]
[Date "2012.12.12"]
[Round "10.15"]
[White "Sundararajan,K"]
[Black "Sandipan,C"]
[Result "1/2-1/2"]
[WhiteElo "2434"]
[BlackElo "2613"]

1.c4 c6 2.g3 d5 3.Nf3 Nf6 4.Bg2 dxc4 5.O-O Nbd7 6.Qc2 Nb6 7.a4 a5 8.Na3 g6
9.Nxc4 Nxc4 10.Qxc4 Bg7 11.d3 O-O 12.Qh4 Bg4 13.Bg5 Bxf3 14.Bxf3 Re8 15.Rab1 Nd5
16.Bxd5 Qxd5 17.b4 Qa2 18.bxa5 Rxa5 19.Rxb7 Rxa4 20.Qh3 Qxe2 21.Qd7 Rea8
22.Qxe7 Qxe7 23.Bxe7 Bd4 24.Rc7 R4a7 25.Rxa7 Rxa7 26.Bg5 Ra2 27.Be3 c5 28.Re1 Bxe3  1/2-1/2

[Event "4th Penang Heritage City Open"]
[Site "Penang MAS"]
[Date "2012.12.12"]
[Round "4.27"]
[White "Tan Hong Ghee"]
[Black "Tan,Li Ting"]
[Result "1/2-1/2"]
[WhiteElo "2042"]
[BlackElo "1861"]

1.c4 c6 2.d4 d5 3.cxd5 cxd5 4.Nc3 Nc6 5.Nf3 Nf6 6.Bf4 a6 7.e3 e6 8.Bd3 Be7
9.O-O b5 10.Rc1 Nb4 11.Bb1 Bb7 12.Ne5 Qb6 13.Qf3 O-O 14.Bg5 Qd6 15.Bxf6 Bxf6
16.Qh3 g6 17.f4 Bg7 18.Rf3 f5 19.Rcf1 Rac8 20.g4 Rc7 21.Qh4 Qd8 22.Qg3 Nc6
23.h3 Na5 24.R3f2 Nc4 25.Nd1 Nd6 26.Kh2 Kh8 27.Rg1 Bf6 28.Qg2 Rg8 29.g5 Bxe5
30.fxe5 Ne4 31.Bxe4 dxe4 32.Rc2 Rgg7 33.Nc3 Rc8 34.Rgc1 Rgc7 35.a3 Kg7 36.h4 Qe7
37.Kg3 Kf7 38.Kf4 h5 39.Qd2 Qd7  1/2-1/2

[Event "I Cerrado Ciutat De Manresa"]
[Site "Manresa ESP"]
[Date "2012.12.14"]
[Round "8.1"]
[White "Menac Comas,J"]
[Black "Monell Camarasa,D"]
[Result "1/2-1/2"]
[WhiteElo "2139"]
[BlackElo "2259"]

1.c4 c6 2.Nf3 Nf6 3.e3 d5 4.Qc2 g6 5.b3 Bg7 6.Bb2 Bf5 7.d3 O-O 8.Be2 dxc4
9.bxc4 c5 10.O-O Nc6 11.a3 Qc7 12.Nc3 Rad8 13.Nd5 Qb8 14.Nxf6+ exf6 15.Qb3 Rfe8
16.Rfe1 Qc7 17.Rad1 Re6 18.Nh4 Ne7 19.Nxf5 Nxf5 20.Bf3 Ne7 21.Qc2 f5 22.Bxg7 Kxg7
23.Qb2+ f6 24.Qxb7 Qxb7 25.Bxb7 Red6 26.d4 Kf7 27.Bf3 cxd4 28.exd4 Rxd4 29.Bd5+ R4xd5
30.cxd5 Nxd5 31.h3 f4 32.Rb1 Rd7 33.Rb8 Nb6 34.Ree8 g5 35.Rh8 Kg6 36.Rbd8 Rc7
37.Rd6 Nc4 38.Ra6 Nb6 39.a4 Kg7 40.Rd8 Nc8 41.a5 Kf7 42.Kf1 h5 43.Ke2 Rc2+
44.Rd2 Rc7 45.Rd3 Ke7 46.Kd2 Kf7 47.Rc3 Rd7+ 48.Ke2 Ne7 49.Rb3 Nf5 50.Rb8 Nd4+
51.Ke1 f3 52.gxf3 Nxf3+ 53.Ke2 Nd4+ 54.Kf1 g4 55.hxg4 hxg4 56.Ra8 Nb5 57.Rc6 Nd4
58.Rc4 Kg6 59.a6 Kf5 60.Rb8 Rd6 61.Rb7 Nc6 62.Rb5+ Ne5 63.Ra4 Kg5 64.Kg2 Re6
65.Rb7 Nc6 66.Rg7+ Kf5 67.Rgxg4 Rd6 68.Rg7 Ke6 69.Rc7 Kd5 70.Ra1 Ke5 71.Re1+ Kf5
72.Rc1 Nb4 73.Rxa7 Nxa6 74.Ra1 Nb4 75.Rg7 Nd3 76.Ra5+ Ne5 77.Rg3 Rb6 78.Rga3 Rb4
79.R3a4 Rb2 80.Ra2 Rb4 81.Re2 Rg4+ 82.Kh3 Rf4 83.Kg2 Rg4+ 84.Kf1 Rf4 85.Re3 Kg6
86.Ke2 Ng4 87.Rf3 Re4+ 88.Kd3 Rb4 89.Rg3 Kf7 90.Ra7+ Ke6 91.Ra6+ Kf7 92.Kc3 Rf4
93.Ra2 Nxf2 94.Ra7+ Ke6 95.Ra6+ Kf5 96.Ra5+ Ke6 97.Re3+ Kf7 98.Kc2 Ng4 99.Rg3 Ne5
100.Ra6 Rg4 101.Rxg4 Nxg4 102.Kd3 Kg6 103.Ke4 Ne5 104.Kd5 Kf5 105.Kd6 Ng4
106.Ke7 Kg6 107.Ke6 Kg5 108.Ra5+ Kg6 109.Rf5 Ne3 110.Rxf6+ Kg5 111.Rf8 Ng4
112.Rf3 Nh2 113.Rf8 Ng4 114.Kd5 Nf6+ 115.Kd4 Kf5 116.Ra8 Ke6  1/2-1/2

[Event "4th Penang Heritage City Open"]
[Site "Penang MAS"]
[Date "2012.12.14"]
[Round "8.2"]
[White "De Ramos,Ju"]
[Black "Yeoh,L"]
[Result "0-1"]
[WhiteElo "2362"]
[BlackElo "2264"]

1.c4 c6 2.Nf3 d5 3.g3 Nf6 4.Bg2 dxc4 5.O-O Nbd7 6.Qc2 Nb6 7.Na3 Be6 8.Ne5 Qd4
9.Nxc6 bxc6 10.Bxc6+ Nfd7 11.Bxa8 Nxa8 12.d3 g6 13.Rd1 Bg7 14.Nxc4 O-O 15.Be3 Qd5
16.Rac1 Nab6 17.b3 Qh5 18.Nxb6 Nxb6 19.Qd2 Rd8 20.Rc5 Nd5 21.f3 f5 22.Bf2 Bh6
23.Qa5 Rd7 24.Rc8+ Kf7 25.Qc5 f4 26.Ra8 fxg3 27.hxg3 Qh3 28.Rh8 Nf4 29.Rxh7+ Kg8
30.gxf4 Kxh7 31.Be1 Bxf4 32.Qf2 Rd5 33.Qh4+ Qxh4 34.Bxh4 Rd7 35.Bf2 Rc7 36.e3 Bd6
37.Rd2 g5 38.Kg2 Kg6 39.Bg3 Bxg3 40.Kxg3 Rc3 41.f4 Bf5 42.fxg5 Kxg5 43.Kf3 Rxd3
44.Rg2+ Kf6 45.Rh2 Rd1 46.Rh6+ Bg6 47.Rh4 e5 48.Ra4 Rd7 49.Ra6+ Kf5 50.e4+ Kg5
51.Re6 Rd3+ 52.Ke2 Bxe4 53.Rxe5+ Kf4 54.Re7 Rh3 55.Rf7+ Bf5 56.Rxa7 Rh2+
57.Kd1 Ke3 58.Kc1 Rc2+ 59.Kd1 Rb2 60.Rc7 Rxa2 61.Kc1 Kd3 62.Kb1 Rh2 63.Rc6 Be4
64.Rc8 Kd4+ 65.Ka1 Bd5 66.Rd8 Ke4 67.Re8+ Kd4 68.Rd8 Rd2 69.Kb1 Kc3 70.Rc8+ Kxb3
71.Rb8+ Kc3 72.Ka1 Ra2+ 73.Kb1 Ra7 74.Rc8+ Bc4 75.Rc6 Rh7  0-1

[Event "Amplico ch-EUR Blitz"]
[Site "Warsaw POL"]
[Date "2012.12.14"]
[Round "4.2"]
[White "Vachier Lagrave,M"]
[Black "Kempinski,R"]
[Result "1-0"]
[WhiteElo "2711"]
[BlackElo "2599"]

1.c4 c6 2.e4 d5 3.exd5 cxd5 4.cxd5 Nf6 5.Nc3 Nxd5 6.Nf3 Nc6 7.Bc4 Nb6 8.Bb5 Bg4
9.h3 Bh5 10.d4 e6 11.g4 Bg6 12.Ne5 Rc8 13.Qf3 Nd5 14.h4 f6 15.Nxg6 hxg6 16.Kf1 Kf7
17.Be3 Nxc3 18.bxc3 Qd5 19.Qxd5 exd5 20.Be2 Bd6 21.Rb1 b6 22.c4 Ne7 23.Kg2 dxc4
24.Rhc1 c3 25.Rb3 Nd5 26.Bf3 Nxe3+ 27.fxe3 Rxh4 28.Rbxc3 Rh2+ 29.Kg1 Rxc3
30.Rxc3 Rb2 31.Rc8 Ke7 32.Rg8 Rxa2 33.Rxg7+ Ke6 34.Rxg6 Ra1+ 35.Kf2 Ra2+
36.Be2 b5 37.Kf3 a6 38.g5 Be7 39.Rh6 Ra1 40.Ke4 Rg1 41.d5+ Kf7 42.Bh5+ Kg7
43.Rg6+ Kh8 44.gxf6 Rxg6 45.fxe7  1-0

[Event "Amplico ch-EUR Blitz"]
[Site "Warsaw POL"]
[Date "2012.12.14"]
[Round "6.1"]
[White "Fridman,D"]
[Black "Petrosian,TL"]
[Result "1-0"]
[WhiteElo "2667"]
[BlackElo "2648"]

1.c4 c6 2.Nf3 d5 3.g3 Nf6 4.Bg2 Bg4 5.cxd5 Bxf3 6.Bxf3 cxd5 7.O-O Nc6 8.Bg2 e6
9.d3 Be7 10.b3 O-O 11.Bb2 Rc8 12.Nd2 Qb6 13.e3 Nb4 14.Nf3 Qa6 15.Ne5 Rc2
16.Qb1 Rfc8 17.Rd1 R2c7 18.a3 Nc6 19.Nf3 Nd7 20.Bf1 Bf6 21.Bxf6 Nxf6 22.Qb2 Qb6
23.b4 h6 24.Rac1 Ne7 25.Ne5 Nc6 26.Nf3 Ne7 27.d4 Ne4 28.Bd3 Nc3 29.Re1 a5
30.Rc2 axb4 31.axb4 Na4 32.Qb3 Rxc2 33.Bxc2 Nc3 34.Bd3 Ne4 35.Qb1 Nd6 36.Ne5 Qc7
37.Kg2 Qc3 38.Re2 Qc7 39.Rc2 Qd8 40.b5 Rxc2 41.Qxc2 f6 42.Nf3 Qc8 43.Qc5 Qd7
44.Nd2 Ndc8 45.Nb3 b6 46.Qc2 Nd6 47.Qe2 f5 48.Nc1 Ne4 49.Na2 Qd6 50.f3 Nf6
51.Qb2 g5 52.Qb4 Nc8 53.Qxd6 Nxd6 54.Nb4 g4 55.Nc6 gxf3+ 56.Kxf3 Nfe4 57.Bxe4 fxe4+
58.Kf4 Nxb5 59.Ne7+ Kf7 60.Nc8 Kf6 61.Nxb6 Nc3 62.Nd7+ Ke7 63.Ne5 Ne2+ 64.Kg4 Kf6
65.Kh5 Kg7 66.Ng4 Nc3 67.Nxh6 e5 68.dxe5 Nd1 69.Nf5+ Kf7 70.Kg5 Nf2 71.Nd4 Nd3
72.e6+ Ke7 73.Kf5 Ne1 74.Ke5 Nf3+ 75.Kxd5 Nxh2 76.Kxe4 Kf6 77.Kf4 Nf1 78.g4 Nd2
79.g5+ Kg6 80.Nf3 Kg7 81.Nxd2  1-0

[Event "Amplico ch-EUR Blitz"]
[Site "Warsaw POL"]
[Date "2012.12.14"]
[Round "7.2"]
[White "Erdos,V"]
[Black "Petrosian,TL"]
[Result "1-0"]
[WhiteElo "2640"]
[BlackElo "2648"]

1.c4 c6 2.Nf3 d5 3.g3 Nf6 4.Bg2 Bg4 5.Ne5 Be6 6.cxd5 Bxd5 7.Nf3 c5 8.Nc3 Bc6
9.O-O Nbd7 10.d3 e6 11.e4 e5 12.a4 Be7 13.Nd2 O-O 14.Nc4 Qc7 15.f4 Rfe8 16.g4 g6
17.f5 Bf8 18.Ne3 Qd6 19.Nc4 Qc7 20.Ne3 Qd6 21.Bf3 Red8 22.g5 Ne8 23.Bg4 Nc7
24.Qf3 Qe7 25.h4 c4 26.dxc4 Nc5 27.f6 Qe8 28.Ncd5 Bxd5 29.cxd5 Nd3 30.h5 Nf4
31.hxg6 fxg6 32.Ng2 h5 33.Bh3 Nxh3+ 34.Qxh3 Kf7 35.Nh4 Qd7 36.Qxd7+ Rxd7
37.Nf3 Bd6 38.Be3 Na6 39.Rfc1 Re8 40.Rc4 Nb4 41.Rac1 a5 42.b3 Nd3 43.R1c3 Nb2
44.Rc8 Nd1 45.Rxe8 Nxc3 46.Rxe5 Rc7 47.Re6 Rd7 48.Kg2 Bb8 49.Bd4 Ne2 50.Bb2 Nf4+
51.Kf1 Nxe6 52.Ne5+ Ke8 53.dxe6 Rd1+ 54.Ke2 Bxe5 55.Bxe5 Rd8 56.Bc7 Rd4 57.Ke3 Rd1
58.Bb6 Rc1 59.Bxa5 Rc8 60.Be1 Rc6 61.e7 Kf7 62.b4 Ra6 63.a5 Rc6 64.e5 b5
65.Kd4 h4 66.Bxh4 Rc4+ 67.Kd5 Rxh4 68.Kc5 Re4 69.a6 Rxe5+ 70.Kb6 Rxg5 71.a7 Re5
72.a8=Q Re6+ 73.Kxb5 Kxf6 74.Qe8  1-0

[Event "Amplico ch-EUR Blitz"]
[Site "Warsaw POL"]
[Date "2012.12.14"]
[Round "8.1"]
[White "Banusz,T"]
[Black "Ragger,M"]
[Result "1/2-1/2"]
[WhiteElo "2580"]
[BlackElo "2655"]

1.c4 c6 2.Nf3 d5 3.d4 Nf6 4.Nc3 dxc4 5.e3 b5 6.a4 b4 7.Nb1 Ba6 8.Be2 e6 9.Nbd2 c3
10.bxc3 bxc3 11.Nb1 c5 12.Nxc3 cxd4 13.Nxd4 Bb4 14.Bd2 Bxe2 15.Qxe2 O-O 16.O-O Nd5
17.Nxd5 Bxd2 18.Qxd2 Qxd5 19.Rfc1 Nd7 20.Qc3 Nf6 21.a5 a6 22.Qc6 g6 23.h3 Kg7
24.Qc3 e5 25.Nf3 Rfe8 26.Qc5 Rad8 27.Qxd5 Rxd5 28.Rc6 Ra8 29.g4 h6 30.Ra4 Rb5
31.Kg2 Ra7 32.g5 hxg5 33.Nxg5 e4 34.h4 Re5 35.Rcc4 Rae7 36.Rc6 Ra7 37.Rb6 Rf5
38.Rd6 Re5 39.Rdd4 Rae7 40.Rdc4 Rb5 41.Rc6 Ra7 42.Rb6 Re5  1/2-1/2

[Event "Amplico ch-EUR Blitz"]
[Site "Warsaw POL"]
[Date "2012.12.14"]
[Round "9.1"]
[White "Erdos,V"]
[Black "Kempinski,R"]
[Result "0-1"]
[WhiteElo "2640"]
[BlackElo "2599"]

1.c4 c6 2.Nf3 d5 3.g3 Bg4 4.Qb3 Qb6 5.Ne5 Be6 6.d3 Nd7 7.Nf3 Nc5 8.Qc2 Nf6
9.Bg2 dxc4 10.dxc4 Qb4+ 11.Nbd2 a5 12.O-O g6 13.Nd4 Qb6 14.N2b3 Nxb3 15.Nxb3 a4
16.Nd2 Bg7 17.Rb1 O-O 18.b4 axb3 19.axb3 Rfd8 20.h3 h5 21.b4 Bh6 22.b5 Qc7
23.Ne4 Bg7 24.Bf4 Qc8 25.bxc6 bxc6 26.Ng5 Bf5 27.e4 Bd7 28.c5 Nh7 29.Nxh7 Kxh7
30.Kh2 Be6 31.Qe2 Ra2 32.Qe3 Qa6 33.Rb6 Qa4 34.e5 Bd5 35.Bxd5 cxd5 36.e6 f5
37.Be5 Ra3 38.Qe1 Qe4 39.Qxe4 dxe4 40.Bc7 Rd2 41.Rb7 e3 42.Bf4 Rxf2+ 43.Rxf2 exf2
44.Kg2 Bf6 45.c6 Rc3 46.c7 g5 47.Rb8 gxf4 48.c8=Q Rxc8 49.Rxc8 fxg3 50.Rc5 Kg6
51.Rb5 f4 52.Rd5 f3+ 53.Kf1 Bh4 54.Rg5+ Bxg5  0-1

[Event "Amplico ch-EUR Blitz"]
[Site "Warsaw POL"]
[Date "2012.12.14"]
[Round "10.1"]
[White "Edouard,R"]
[Black "Dziuba,M"]
[Result "0-1"]
[WhiteElo "2686"]
[BlackElo "2602"]

1.c4 c6 2.Nf3 d5 3.d4 Nf6 4.Nc3 dxc4 5.a4 Bf5 6.e3 e6 7.Bxc4 Nbd7 8.O-O Bb4
9.Nh4 O-O 10.f3 Bg6 11.Nxg6 hxg6 12.e4 c5 13.Ne2 cxd4 14.Nxd4 Ne5 15.Be2 Bc5
16.Be3 Nc6 17.Nc2 Bxe3+ 18.Nxe3 Qb6 19.Ra3 Qxb2 20.Rb3 Qd4 21.Qb1 Qxa4 22.Rxb7 Rab8
23.Rd1 Rxb7 24.Qxb7 Nd4 25.Bf1 e5 26.Rb1 Qa3 27.Nc4 Qc5 28.Kh1 a5 29.Ra1 Nc2
30.Rxa5 Qf2 31.Qb1 Ne1 32.Nd2 Qxd2 33.Ra2 Qc3 34.Re2 Nd3 35.Rc2 Qd4 36.h3 Nf4
37.Rc7 Qf2 38.Rc2 Qg3 39.Bc4 N6h5 40.Qa2 Qg5 41.Bxf7+ Rxf7  0-1

[Event "Amplico ch-EUR Rapid"]
[Site "Warsaw POL"]
[Date "2012.12.15"]
[Round "1.16"]
[White "Erdos,V"]
[Black "Motovilnik,Jurij"]
[Result "1-0"]
[WhiteElo "2640"]
[BlackElo "1785"]

1.c4 c6 2.Nf3 d5 3.g3 Nf6 4.Bg2 Bg4 5.Ne5 Bf5 6.cxd5 cxd5 7.Nc3 e6 8.Qa4+ Nbd7
9.g4 Bg6 10.h4 h5 11.g5 Nh7 12.Nxg6 fxg6 13.Qc2 Ne5 14.d4 Nf7 15.Qxg6 Qb6
16.Bh3 Bb4 17.Bxe6  1-0

[Event "Amplico ch-EUR Rapid"]
[Site "Warsaw POL"]
[Date "2012.12.15"]
[Round "4.2"]
[White "Malakhov,V"]
[Black "Pakleza,Z"]
[Result "1-0"]
[WhiteElo "2709"]
[BlackElo "2486"]

1.c4 c6 2.Nf3 d5 3.e3 Nf6 4.d4 Bf5 5.Nc3 e6 6.Nh4 Be4 7.f3 Bg6 8.Qb3 Qb6
9.Nxg6 hxg6 10.Bd2 Nbd7 11.g3 Bd6 12.Kf2 Qc7 13.Kg2 g5 14.Be2 dxc4 15.Bxc4 b5
16.Be2 g4 17.Rac1 a6 18.Ne4 Rc8 19.Nxd6+ Qxd6 20.Bb4 Qd5 21.Qxd5 Nxd5 22.Bd2 gxf3+
23.Bxf3 N7b6 24.e4 Ne7 25.b3 Kd7 26.Ba5 Rb8 27.h4 f5 28.Rhe1 fxe4 29.Rxe4 Nbd5
30.Bd2 Nf5 31.Rce1 Rbe8 32.Rg4 Nf6 33.Rg5 Rhg8 34.Be3 a5 35.Bf2 Ra8 36.g4 Nd6
37.Rg6 a4 38.g5 Nd5 39.Bg3 Nf5 40.Rgxe6 axb3 41.axb3 Nxh4+ 42.Bxh4 Nf4+ 43.Kg1 Nxe6
44.Bg4 Rge8 45.Bg3 Ra3 46.Re3 Ra1+ 47.Kg2 Ra2+ 48.Kf3 Rf8+ 49.Ke4 Rd2 50.Ke5 Re8
51.g6 b4 52.Bh3 Re7 53.Be1 Rh2 54.Bxb4 Rxh3 55.Rxh3 Re8 56.Rh7 Rb8 57.Bd2 Rxb3
58.Bh6 Rb5+ 59.Ke4 Kd6 60.Bxg7 Ng5+ 61.Kf4 Nxh7 62.Be5+  1-0

[Event "Amplico ch-EUR Rapid"]
[Site "Warsaw POL"]
[Date "2012.12.15"]
[Round "6.40"]
[White "Kuzmicz,K"]
[Black "Skawinski,A"]
[Result "1-0"]
[WhiteElo "2465"]
[BlackElo "2239"]

1.c4 c6 2.Nf3 d5 3.e3 Nf6 4.b3 e6 5.Bb2 Bd6 6.Qc2 a6 7.Be2 Qe7 8.d4 Nbd7
9.Nbd2 c5 10.cxd5 exd5 11.dxc5 Nxc5 12.Nd4 Nce4 13.O-O O-O 14.N2f3 Bd7 15.Rad1 Rfe8
16.Qd3 Rad8 17.Rc1 Bb8 18.Nc2 Bg4 19.Ba3 Qc7 20.Ncd4 Qd7 21.Rfd1 Bf5 22.Nxf5 Qxf5
23.Bb2 Ng4 24.Rf1 Re6 25.g3 Rh6 26.h4 Ne5 27.Bxe5 Bxe5 28.Nxe5 Qxe5 29.Bf3 Nxg3
30.fxg3 Qxg3+ 31.Bg2 Rxh4 32.Rf3 Qh2+ 33.Kf1 g6 34.Rc2 Qe5 35.Qc3 d4 36.Qc4 Qe7
37.Rd2 b5 38.Qd3 Rc8 39.exd4 Re4 40.Rd1 Re8 41.Kg1 Re2 42.Rf2 Re3 43.Qd2 h5
44.d5 Qd6 45.Qd4 R8e5 46.Rdf1 f5 47.Rc2 Kg7 48.Rc6  1-0

[Event "Amplico ch-EUR Rapid"]
[Site "Warsaw POL"]
[Date "2012.12.16"]
[Round "8.6"]
[White "Romanov,E"]
[Black "Ragger,M"]
[Result "1/2-1/2"]
[WhiteElo "2616"]
[BlackElo "2655"]

1.c4 c6 2.d4 d5 3.Nf3 Nf6 4.Qb3 dxc4 5.Qxc4 Bg4 6.Nc3 Nbd7 7.Bd2 e6 8.Ne5 Bh5
9.Nxd7 Nxd7 10.e4 Be7 11.Be3 O-O 12.Be2 Bxe2 13.Qxe2 e5 14.d5 cxd5 15.Nxd5 Nf6
16.Rd1 Nxd5 17.Rxd5 Bb4+ 18.Bd2 Bxd2+ 19.Qxd2 Qc7 20.O-O Rfd8 21.Rd1 Rxd5
22.Qxd5 h6 23.g3 Rc8 24.Kg2 a6 25.Rd3 Qe7 26.a3 g6 27.Qd7 Rc7 28.Qxe7 Rxe7
29.Rd6 Re6 30.Rxe6 fxe6 31.Kf3 Kf7 32.h4 Ke7 33.Ke3 Kd6 34.Kd3 Kd7 35.Kc4 Kc6
36.Kb4 b6 37.a4 Kd6 38.Kc4 Kc6 39.f3 Kd6 40.b4 Kc6 41.b5+ axb5+ 42.axb5+ Kd7
43.Kb4 Ke7 44.Kc4 Kd7 45.Kb4  1/2-1/2

[Event "Amplico ch-EUR Rapid"]
[Site "Warsaw POL"]
[Date "2012.12.16"]
[Round "10.10"]
[White "Papin,V"]
[Black "Ragger,M"]
[Result "0-1"]
[WhiteElo "2561"]
[BlackElo "2655"]

1.c4 c6 2.Nf3 d5 3.e3 Nf6 4.Qc2 e6 5.b3 Bd6 6.Bb2 O-O 7.Nc3 Re8 8.Rg1 e5
9.cxd5 cxd5 10.Nb5 Nc6 11.Nxd6 Qxd6 12.Bb5 Nb4 13.Qb1 Bd7 14.Bxd7 Nxd7 15.a3 Nc6
16.Qf5 g6 17.Qh3 f6 18.d4 e4 19.Nd2 Rac8 20.Ke2 Na5 21.Rgc1 f5 22.Bc3 Qa6+
23.Ke1 Nc6 24.Qg3 Nf8 25.Bb2 Ne6 26.b4 f4 27.Qg4 f3 28.gxf3 Ncxd4 29.Bxd4 Nxd4
30.fxe4 Nc2+ 31.Kd1 Qa4 32.Ke2 dxe4 33.Nxe4 Qa6+ 34.Kf3 h5 35.Qh4 Nxa1 36.Rxa1 Qc6
37.Rd1 Rxe4  0-1

[Event "ITT Cerrado LAB IM 2012"]
[Site "Bogota COL"]
[Date "2012.12.19"]
[Round "5.4"]
[White "Condori,E"]
[Black "Suasnabar,J"]
[Result "1-0"]
[WhiteElo "2205"]
[BlackElo "2077"]

1.c4 c6 2.Nf3 d5 3.g3 Nf6 4.Qc2 g6 5.b3 Bg7 6.Bb2 O-O 7.Bg2 Bf5 8.d3 a5 9.O-O a4
10.Nbd2 Na6 11.Bc3 dxc4 12.bxc4 Nc5 13.e4 Bg4 14.d4 Bxf3 15.Bxf3 Ne6 16.d5 cxd5
17.exd5 Nc5 18.Rfe1 Qd7 19.Rab1 Rfe8 20.Bg2 h5 21.Nf3 Qc8 22.Bd4 Ncd7 23.Nd2 Ra5
24.Qb2 b6 25.Bh3 a3 26.Qb4 Qa8 27.Bg2 Ra4 28.Qb5 Ra5 29.Qb4 Ra4 30.Qc3 Qa6
31.Rb4 Nc5 32.Rxa4 Qxa4 33.Rb1 Qa6 34.h3 Bh6 35.Be3 Bg7 36.Qc2 Nfd7 37.Nf3 Qa4
38.Qe2 Qa5 39.Nd4 Qc3 40.Nb5 Qd3 41.Qxd3 Nxd3 42.Bf1 N3e5 43.f4 Nf3+ 44.Kg2 e5
45.dxe6  1-0

[Event "15th Padova Open 2012"]
[Site "Padova ITA"]
[Date "2012.12.21"]
[Round "7.2"]
[White "Mogranzini,R"]
[Black "Laketic,G"]
[Result "1-0"]
[WhiteElo "2489"]
[BlackElo "2425"]

1.c4 c6 2.Nf3 d5 3.g3 Nf6 4.Bg2 Bg4 5.Ne5 Bc8 6.cxd5 cxd5 7.d4 e6 8.Nc3 Be7
9.O-O O-O 10.Bf4 b6 11.e4 Bb7 12.exd5 exd5 13.Re1 Bb4 14.Bg5 Bxc3 15.bxc3 h6
16.Bxf6 Qxf6 17.c4 Qd6 18.c5 bxc5 19.Rb1 Bc6 20.dxc5 Qxc5 21.Rc1 Qb6 22.Qc2 Bb7
23.Rb1 Qa5 24.Nxf7 Rxf7 25.Re8+ Rf8 26.Rxf8+ Kxf8 27.Qf5+ Kg8 28.Rxb7 Qe1+
29.Bf1 Qe8 30.Bd3 Nc6 31.Qh7+ Kf8 32.Qxg7+  1-0

[Event "Norberto La Porta Open A"]
[Site "Buenos Aires ARG"]
[Date "2012.12.22"]
[Round "6"]
[White "Garcia Palermo,C"]
[Black "Cativelli,G"]
[Result "1/2-1/2"]
[WhiteElo "2490"]
[BlackElo "2170"]

1.c4 c6 2.Nf3 d5 3.e3 Nf6 4.d4 g6 5.Nc3 Bg7 6.cxd5 cxd5 7.Bb5+ Bd7 8.Qb3 e6
9.Ne5 O-O 10.Nxd7 Nfxd7 11.Bd2 Nc6 12.Rc1 Rb8 13.Qa3 Re8 14.O-O Bf8 15.Qb3 a6
16.Be2 Bd6 17.a3 Qe7 18.Qa2 Rec8 19.f4 Rc7 20.Nd1  1/2-1/2

[Event "Groningen Open A"]
[Site "Groningen NED"]
[Date "2012.12.23"]
[Round "3.13"]
[White "Brunello,S"]
[Black "Arslanov,S"]
[Result "1-0"]
[WhiteElo "2583"]
[BlackElo "2386"]

1.c4 c6 2.Nf3 d5 3.e3 Nf6 4.Qc2 g6 5.b3 Bg7 6.Bb2 Bf5 7.d3 O-O 8.Nbd2 dxc4
9.Nxc4 c5 10.Be2 Nc6 11.a3 Re8 12.O-O b5 13.Ncd2 Na5 14.e4 Bg4 15.h3 Bxf3
16.Nxf3  1-0

[Event "5th Marseille Open"]
[Site "Marseille FRA"]
[Date "2012.12.26"]
[Round "1.24"]
[White "Collas,S"]
[Black "Tchifteyan,P"]
[Result "1/2-1/2"]
[WhiteElo "2285"]
[BlackElo "1650"]

1.c4 c6 2.Nf3 Nf6 3.Qc2 d5 4.e3 Bg4 5.Ne5 Bh5 6.cxd5 cxd5 7.Bb5+ Nbd7 8.Qf5 Bg6
9.Bxd7+ Qxd7 10.Qf4 Qd8 11.Nc3 Rc8 12.Qa4+ Nd7 13.Nxd5 e6 14.Nf4 Bc2 15.b3 a6
16.Bb2 Bd6 17.Nxd7 Qxd7 18.Qxd7+ Kxd7 19.Bxg7 Rhg8 20.Nh5 Be7 21.Ke2 Bg6
22.Nf6+ Bxf6 23.Bxf6 Be4 24.f3 Rxg2+ 25.Kf1 Bxf3 26.Bc3 Rxd2 27.Bxd2 Bxh1
28.Rc1 Rxc1+ 29.Bxc1 Kc6 30.Bb2 Kd5 31.Ke2 Ke4 32.Bf6 Bf3+ 33.Kd2 Kf5 34.Be7 Ke4
35.a4 f5 36.b4 Kd5 37.Ke1 e5 38.Kf2 Bd1 39.a5 f4 40.exf4 exf4 41.Bf8 Ke4
42.Be7 Kf5 43.Bd6 h5 44.Be7 Kg4 45.Bd6  1/2-1/2

[Event "5th Marseille Open"]
[Site "Marseille FRA"]
[Date "2012.12.26"]
[Round "2.28"]
[White "Mory,E"]
[Black "Esposito,J"]
[Result "1-0"]
[WhiteElo "2173"]
[BlackElo "1823"]

1.c4 c6 2.Nf3 Nf6 3.b4 d5 4.e3 g6 5.Bb2 Bg7 6.Qb3 O-O 7.a4 Bf5 8.Be2 Nbd7
9.Nd4 Bxb1 10.Rxb1 e5 11.Nf3 Re8 12.O-O Rc8 13.cxd5 cxd5 14.Rbc1 Qe7 15.Bb5 Qd6
16.d4 e4 17.Ne5 a6 18.Bxd7 Nxd7 19.Nxd7 Qxd7 20.b5 axb5 21.axb5 f5 22.Rc5 Rxc5
23.dxc5 Bxb2 24.Qxb2 f4 25.exf4 d4 26.c6 bxc6 27.bxc6 Qxc6 28.Qxd4 Qe6 29.Re1 Qf5
30.g3 h5 31.Ra1 Re7 32.Ra8+ Kf7 33.Qh8 Qd5 34.Qg8+  1-0

[Event "5th Marseille Open"]
[Site "Marseille FRA"]
[Date "2012.12.26"]
[Round "2.29"]
[White "Graille,S"]
[Black "Pruvot,L"]
[Result "0-1"]
[WhiteElo "1822"]
[BlackElo "2170"]

1.c4 c6 2.e4 d5 3.exd5 cxd5 4.d4 Nf6 5.Nc3 g6 6.Nf3 Bg7 7.Bg5 dxc4 8.Bxc4 O-O
9.O-O Bg4 10.h3 Bxf3 11.Qxf3 Nc6 12.d5 Ne5 13.Qe2 Nxc4 14.Qxc4 Rc8 15.Qd3 Qd7
16.Rab1 Rfd8 17.Rfd1 Rc5 18.Bxf6 Bxf6 19.Ne4 Rxd5 20.Qxd5 Qxd5 21.Rxd5 Rxd5
22.Nxf6+ exf6 23.b4 Kf8 24.Kf1 Rd2 25.a3 Ke7 26.Rc1 Kd6 27.g3 f5 28.Kg2 f4
29.g4 Rd3 30.a4 Rd4 31.Rb1 Kd5 32.a5 g5 33.b5 Ra4 34.a6 bxa6 35.bxa6 f6 36.Rd1+ Ke6
37.Rc1 Rxa6 38.Rc7 h6 39.Rc8 Ra3 40.Rc6+ Kf7 41.Rc7+ Kg6 42.Rc6 a5 43.Ra6 a4
44.Kh2 Ra1 45.Kg2 a3 46.f3 h5 47.Kh2 h4 48.Kg2 Kf7 49.Kh2 Ke7 50.Kg2 a2 51.Kh2 Rf1
52.Rxa2 Rxf3 53.Ra1 Ke6 54.Re1+ Re3 55.Rf1 Ke5 56.Kg2 Rg3+ 57.Kh2 Re3 58.Kg2 Ke4
59.Ra1 f3+ 60.Kf2 Re2+ 61.Kf1 Rh2 62.Re1+ Kf4 63.Re6 Kg3  0-1

[Event "XLII Rilton Cup"]
[Site "Stockholm SWE"]
[Date "2012.12.28"]
[Round "2.6"]
[White "Miezis,N"]
[Black "Engqvist,T"]
[Result "1/2-1/2"]
[WhiteElo "2596"]
[BlackElo "2312"]

1.c4 c6 2.e4 d5 3.exd5 cxd5 4.cxd5 Nf6 5.Nc3 Nxd5 6.Bc4 Nb6 7.Bb3 Nc6 8.Nf3 Bf5
9.d4 e6 10.Be3 Be7 11.O-O O-O 12.h3 Bf6 13.Qe2 Na5 14.Bc2 Bxc2 15.Qxc2 Rc8
16.Qe2 Nac4 17.Rac1 Nd6 18.Bf4 Nf5 19.Rfd1 Nd5 20.Be5 Nxc3 21.bxc3 Bxe5 22.Nxe5 Qa5
23.Nd7 Rfd8 24.Nc5 Nd6 25.Re1 b6 26.Nb3 Qb5 27.Qf3 Nc4 28.Re2 Qc6 29.Qd3 Rd5
30.f4 a5 31.Rf2 Qb5 32.Nd2 Nxd2 33.Qxb5 Rxb5 34.Rxd2 Rc4 35.Kf2 Rd5 36.Ke3 b5
37.Rdc2 f6 38.Kd3 e5 39.fxe5 fxe5 40.Ke4 Rdc5 41.Rd2 exd4 42.Rxd4 Rxc3 43.Rd8+ Kf7
44.Rd7+ Kf6 45.Rxc3 Rxc3 46.Rd6+ Ke7 47.Rb6 Rc4+ 48.Kd5 Rc2 49.Rxb5 Rxa2
50.g4 Ra3 51.h4 Ra4 52.Rb7+ Kf8 53.Rb8+ Kf7 54.Rb7+ Kf6 55.Rb6+ Kf7  1/2-1/2

[Event "XXIII Krakow Open"]
[Site "Krakow POL"]
[Date "2012.12.29"]
[Round "3.22"]
[White "Paszewski,M"]
[Black "Pohjala,H"]
[Result "1/2-1/2"]
[WhiteElo "2017"]
[BlackElo "2312"]

1.c4 c6 2.Nf3 Nf6 3.b3 d5 4.Bb2 e6 5.d4 b6 6.e3 Bb7 7.Bd3 Nbd7 8.O-O Bd6
9.Nbd2 O-O 10.Qe2 dxc4 11.Nxc4 Be7 12.Rfd1 Qc7 13.Rac1 Rac8 14.Nce5 Qb8 15.Ba6 c5
16.Nxd7 Nxd7 17.Bxb7 Qxb7 18.dxc5 Nxc5 19.Ne5 f6 20.Nd3 Nxd3 21.Qxd3 Rfd8
22.Rxc8 Qxc8 23.Qe2 Rxd1+ 24.Qxd1 Qc6 25.Qd3 b5  1/2-1/2

[Event "XLII Rilton Cup"]
[Site "Stockholm SWE"]
[Date "2013.01.01"]
[Round "5.9"]
[White "Miezis,N"]
[Black "Thingstad,E"]
[Result "1/2-1/2"]
[WhiteElo "2596"]
[BlackElo "2245"]

1.c4 c6 2.e4 d5 3.exd5 cxd5 4.d4 Nf6 5.Nc3 Nc6 6.cxd5 Nxd5 7.Nf3 Bg4 8.Be2 e6
9.O-O Be7 10.h3 Bh5 11.a3 O-O 12.Ne4 Qb6 13.Nc3 Rad8 14.g4 Bg6 15.Bc4 Bf6
16.Bxd5 exd5 17.Na4 Qc7 18.Be3 Rfe8 19.Re1 Be4 20.Nc3 Qd7 21.Rc1 h5 22.Nh2 hxg4
23.hxg4 Re6 24.g5 Be7 25.Qg4 Bxg5 26.Bxg5 Rg6 27.f4 f6 28.Nxe4 dxe4 29.Rxe4 fxg5
30.f5 Rf6 31.Rd1 Qxf5 32.b4 Qf2+ 33.Kh1 Rh6 34.Qg2 Qf5 35.Kg1 Rhd6 36.Qf3 Qxf3
37.Nxf3 Rd5 38.Kf2 Rf5 39.Kg3 Rfd5 40.Kg4 R8d6 41.b5 Rxb5 42.Nxg5 g6 43.Rf4 Ne7
44.Ne4 Rd8 45.Rf6 Rbd5 46.Re6 Kf7 47.Rf6+ Kg7 48.Re6 Kf7 49.Rf6+ Kg7 50.Re6 R8d7
51.Kh3 Kf7 52.Rf6+ Kg7 53.Re6 Rh5+ 54.Kg4 Rhd5 55.Kh3 Kf7 56.Rf6+ Kg7  1/2-1/2

[Event "XLII Rilton Cup"]
[Site "Stockholm SWE"]
[Date "2013.01.01"]
[Round "5.18"]
[White "Bellon Lopez,JuM"]
[Black "Lindgren,P"]
[Result "0-1"]
[WhiteElo "2404"]
[BlackElo "2232"]

1.c4 c6 2.Qa4 e5 3.Nc3 Nf6 4.Nf3 d6 5.d4 Nbd7 6.e4 g6 7.h3 exd4 8.Nxd4 Bg7
9.Be3 O-O 10.Qc2 Re8 11.Nb3 Qe7 12.Bd3 Nxe4 13.Nxe4 d5 14.cxd5 cxd5 15.Nc3 d4
16.Nd5 Qe5 17.Nc7 dxe3 18.O-O Rb8 19.f4 Qe7 20.Nxe8 Qxe8 21.Rae1 Nb6 22.Qc5 Be6
23.Qxe3 Qd8 24.Kh1 Bxb2 25.f5 Bd5 26.Qg3 Rc8 27.Bb5 Qf8 28.f6 Ba3 29.Nd4 a6
30.Bd3 Kh8 31.Be4 Bc4 32.Bd3 Bxa2 33.Ra1 Bd5 34.Be4 Bb2 35.Bxd5 Bxa1 36.Bxb7 Bxd4
37.Bxc8 Nxc8 38.Qg4 Be5 39.Rc1 Nd6 40.Qg5 Bb2 41.Rc6 Qe8 42.Qc5 Qe1+ 43.Qg1 Qxg1+
44.Kxg1 Be5 45.Rxa6 h6 46.Kf2 Ne4+ 47.Kf3 Nxf6 48.Ra5 Bd6 49.Ra6 Be7 50.Ra7 Ng8
51.Rb7 Kg7 52.Ra7 Bf6 53.Rb7 Ne7 54.Ra7 Nc6 55.Ra6 Nd4+ 56.Ke4 Ne6 57.Kf3 h5
58.Rb6 g5 59.Ra6 Kg6 60.Ra5 Bd4 61.Ra6 Be5 62.Ke4 Bf6 63.Rc6 Nf4 64.Kf3 h4
65.Ra6 Kf5 66.Ra5+ Be5 67.Ra7 f6 68.Ra5 Ne6 69.Ra4 Nd4+ 70.Ke3 g4 71.hxg4+ Kxg4
72.Kf2 Kg5 73.Ra8 Bf4 74.Ra4 Nc6 75.Ra8 Kg4 76.Ra4 Ne5 77.Ra7 Nd3+ 78.Ke2 Nc5
79.Ra5 Ne4 80.Ra3 f5 81.Rb3 Bg5 82.Ra3 Bf6 83.Kf1 Bc3 84.Kg1 Kg3 85.Rb3 f4
86.Rb8 Bd4+ 87.Kh1 Nf2+ 88.Kg1 Ng4+ 89.Kh1 Nf2+ 90.Kg1 h3 91.gxh3 Nxh3+ 92.Kf1 Kf3
93.Rb3+ Be3 94.Rb2 Ng5 95.Rf2+ Ke4 96.Ra2 f3 97.Ra4+ Bd4 98.Ra8 Nf7 99.Re8+ Ne5
100.Re7 Kf4 101.Re8 Ng4 102.Rf8+ Bf6 103.Ra8 Bg5 104.Ra5 Ne3+ 105.Kg1 Bh4
106.Ra2 Kg3 107.Rb2 Bf6 108.Rd2 Bc3 109.Ra2 Be1 110.Rb2 f2+ 111.Rxf2 Bxf2+
112.Kh1 Kf3 113.Kh2 Ng4+ 114.Kh1 Bg3 115.Kg1 Nf2  0-1